000 00716cab a2200241 4500
001 A388
008 090401t1984 xxu||||| |||| 00| 0 eng d
035 _a(Sirsi) u28911
041 _aeng
100 _aWard, C.
245 4 _aThe capitalisation of negative profit rents
260 _c1984
350 _a0
490 _aJournal of Valuation
_v(1984) 2 JV 205-208(4)
520 _aComment on an article in Chartered Surveyor September 1992 p101, Is a negative approach to valuation acceptable? See A389.
650 _aLEASEHOLD INTERESTS
650 _aNEGATIVE VALUES
650 _aPROPERTY ASSETS
650 _aVALUATION METHODS
690 _aRATING AND VALUATION
942 _n0
948 _c04/03/1997
999 _c19451
_d19451